Music Quiz

Random Music or This or That Quiz
Score 0/20 Timer 03:00
2 Plays Today
Song (F)loyd or (B)owie % Correct
Space Oddity???
88.6%
Life on Mars????
86.5%
The Jean Genie???
84%
Us and Them???
83.8%
Breathe???
83.1%
Learning to Fly???
80.9%
Golden Years???
80.8%
The Final Cut???
79%
Ashes to Ashes???
77.6%
Echoes???
76.4%
Song (F)loyd or (B)owie % Correct
Moonage Daydream???
73.5%
Five Years???
69.8%
One of My Turns???
69.2%
Jugband Blues???
64.3%
Dollar Days???
62.3%
Lucifer Sam???
62%
Young Lust???
61.4%
Lost for Words???
60.4%
As the World Falls Down???
60.2%
Quicksand???
59.3%

You're not logged in!

Compare scores with friends on all Sporcle quizzes.
OR
Log In

Sporcle TV

Today on Sporcle TV


Watch our educational content, quiz creation guides, and fun videos on Sporcle TV.

Show Comments

Extras

Top Quizzes Today


Score Distribution

Your Account Isn't Verified!

In order to create a playlist on Sporcle, you need to verify the email address you used during registration. Go to your Sporcle Settings to finish the process.

Report this User

Report this user for behavior that violates our Community Guidelines.

Details: